UBT Library

Sistemi bankar gjatë krizës financiare (Record no. 45836)

000 -LEADER
fixed length control field 00284nam a22001217a 4500
008 - FIXED-LENGTH DATA ELEMENTS--GENERAL INFORMATION
fixed length control field 180515b xxu||||| |||| 00| 0 eng d
041 ## - LANGUAGE CODE
Language code of text/sound track or separate title eng
080 ## - UNIVERSAL DECIMAL CLASSIFICATION NUMBER
Universal Decimal Classification number 043.3
100 ## - Rafti
Rafti 0
101 ## - Shkurtesa
Shkurtesa MBE-BTH
245 ## - TITLE STATEMENT
Title Sistemi bankar gjatë krizës financiare
Statement of responsibility, etc Borovci,B
942 ## - ADDED ENTRY ELEMENTS (KOHA)
Source of classification or shelving scheme
Item type Books
Holdings
Withdrawn status Lost status Source of classification or shelving scheme Damaged status Not for loan Collection code Permanent location Current location Shelving location Date acquired Total Checkouts Full call number Barcode Date last seen Price effective from Koha item type
          Koleksioni i përgjithshem UBT - Lipjan UBT - Lipjan Koleksioni i përgjithshem 05/15/2018   043.3 Borovci,B 2012 002-3004768 05/15/2018 05/15/2018 Books
          Koleksioni i përgjithshem UBT - Lipjan UBT - Lipjan Koleksioni i përgjithshem 05/15/2018   043.3 Borovci,B 2012 002-3004769 05/15/2018 05/15/2018 Books
          Koleksioni i përgjithshem UBT - Lipjan UBT - Lipjan Koleksioni i përgjithshem 05/15/2018   043.3 Borovci,B 2012 002-3004756 05/15/2018 05/15/2018 Books
          Koleksioni i përgjithshem UBT - Lipjan UBT - Lipjan Koleksioni i përgjithshem 05/15/2018   043.3 Borovci,B 2012 002-3004757 05/15/2018 05/15/2018 Books
UBT Library © 2015-2024. All rights reserved University Education for Business and Technology